| 000 | 00696nam a22001937a 4500 | ||
|---|---|---|---|
| 999 |
_c189691 _d189691 |
||
| 005 | 20220711121855.0 | ||
| 010 | _aENG-133459 | ||
| 020 |
_a9789388096003 _c138.00 |
||
| 035 | _aEN-116991 | ||
| 037 | _bDBAD/PUB | ||
| 082 | _a363.7 | ||
| 100 | _aNaik, S. Sankar | ||
| 245 |
_aFoundation Course Environmental Studies/ _cS. Sankar Naik and P. Lakshminarayana Reddy |
||
| 260 |
_aHyderabad _bSeven Hills International Publishers _c2018 |
||
| 270 |
_bHyderabad _a# 326/C, Level-4, Surneni Nilayam Near B K Guda Park, S R Nagar _e500038 _mstudentshelpline.in@gmail.com |
||
| 300 |
_aviii, 206p. _c24cm(pbk) |
||
| 700 | _aReddy, P. lakshminarayana | ||
| 942 |
_2ddc _cEN _h363.7 _mNAI |
||